000 00673nam a2200181 i 4500
001 32809
003 ES-MaACL
005 20230906154635.0
007 t|
008 030131s1973 sp ||||1| spa d
100 1 _aBermejo Correa, José María.
_928101
245 1 0 _aSesión inaugural... con un discurso sobre sorderas infantiles... /
_cpor José María Bermejo Correa ; precedido de la memoria reglamentaria por Fernando Zubiri Vidal.
260 _aZaragoza :
_bAcademia de Medicina,
_c1973.
300 _a97 p. ;
_c24 cm.
700 1 _aZubiri Vidal, Fernando.
_9118411
710 2 _aReal Academia de Medicina de Zaragoza.
_96323
852 _aES-MaACL
_jC-51288
_bR.85087
999 _c32809
_d32809